[Event "11. Dubai International Open"]
[Site "Dubai UAE"]
[Date "2009.04.26"]
[Round "1.25"]
[White "Gasanov, Eldar"]
[Black "Mona, Khaled"]
[Result "1-0"]
[WhiteElo "2551"]
[BlackElo "2084"]
[PlyCount "81"]
[EventDate "2009.04.25"]
[EventType "swiss"]
[EventRounds "9"]
[EventCountry "UAE"]
[Source "lmi"]
[SourceDate "2009.04.25"]
[WhiteTeam "Egipto"]
[BlackTeam "Letonia"]
[WhiteTeamCountry "EGY"]
[BlackTeamCountry "LAT"]

1. d4 Nf6 2. c4 g6 3. Nc3 Bg7 4. e4 d6 5. Nf3 O-O 6. Be2 c5 7. O-O Bg4 8. d5 e6
9. h3 Bxf3 10. Bxf3 e5 11. Rb1 Nfd7 12. a3 f5 13. b4 Na6 14. Bd2 Nf6 15. Qa4 f4
16. Qa5 g5 17. Qxd8 Rfxd8 18. Be2 Rd7 19. g3 Re8 20. Kg2 Bh6 21. Rb2 Ree7 22.
Rfb1 Rg7 23. g4 Rge7 24. f3 Bf8 25. Na4 b6 26. bxc5 Nxc5 27. Nxc5 dxc5 28. a4
Rd6 29. a5 Rb7 30. Bd1 Nd7 31. Ba4 Nb8 32. Bc3 Bg7 33. Be1 Bf6 34. Bf2 Nd7 35.
Bc6 Rb8 36. Bxd7 Rxd7 37. axb6 axb6 38. Rxb6 Rxb6 39. Rxb6 Be7 40. Rc6 Ra7 41.
d6 1-0

[Event "11. Dubai International Open"]
[Site "Dubai UAE"]
[Date "2009.04.26"]
[Round "1.37"]
[White "Adhiban, B."]
[Black "Bayat, Shohreh"]
[Result "1-0"]
[WhiteElo "2483"]
[BlackElo "1966"]
[PlyCount "93"]
[EventDate "2009.04.25"]
[EventType "swiss"]
[EventRounds "9"]
[EventCountry "UAE"]
[Source "lmi"]
[SourceDate "2009.04.25"]
[WhiteTeam "Egipto"]
[BlackTeam "Letonia"]
[WhiteTeamCountry "EGY"]
[BlackTeamCountry "LAT"]

1. c4 e5 2. Nc3 Nc6 3. Nf3 f5 4. d4 e4 5. Ng5 h6 6. Nh3 Nf6 7. Nf4 g5 8. Ng6
Rg8 9. Nxf8 Rxf8 10. h4 Rg8 11. hxg5 hxg5 12. e3 d6 13. b3 Bd7 14. Ba3 Ne7 15.
Be2 Ng6 16. Bh5 Be6 17. Bxg6+ Rxg6 18. d5 Bf7 19. Qd4 Rg8 20. c5 a6 21. O-O-O
Qe7 22. f3 O-O-O 23. c6 Qe5 24. Qxe5 dxe5 25. Be7 Nxd5 26. Bxd8 Nxc3 27. Rd7
exf3 28. gxf3 Bd5 29. cxb7+ Kxb7 30. Rxc7+ Kb6 31. Rxc3+ Rxd8 32. Rg1 Bxf3 33.
Rxg5 Rd1+ 34. Kb2 Be4 35. Rg8 Kb7 36. Rg7+ Kb6 37. Re7 Rd2+ 38. Ka3 Bb1 39.
Re6+ Kb7 40. Rxe5 Rxa2+ 41. Kb4 Be4 42. Kc5 Rd2 43. Re7+ Kb8 44. b4 Rd5+ 45.
Kb6 Rb5+ 46. Kxa6 Rxb4 47. Re8# 1-0

[Event "11. Dubai International Open"]
[Site "Dubai UAE"]
[Date "2009.04.26"]
[Round "1.38"]
[White "Mohamed, Moussa"]
[Black "Lalith, Babu M.R"]
[Result "0-1"]
[WhiteElo "1958"]
[BlackElo "2480"]
[PlyCount "56"]
[EventDate "2009.04.25"]
[EventType "swiss"]
[EventRounds "9"]
[EventCountry "UAE"]
[Source "lmi"]
[SourceDate "2009.04.25"]
[WhiteTeam "Egipto"]
[BlackTeam "Letonia"]
[WhiteTeamCountry "EGY"]
[BlackTeamCountry "LAT"]

1. d4 Nf6 2. Nf3 b6 3. Bg5 Bb7 4. Nbd2 d5 5. e3 e6 6. c3 Be7 7. Bd3 Nbd7 8. Qe2
c5 9. h4 a6 10. Rc1 h6 11. Bf4 Ne4 12. Be5 Nxe5 13. Nxe5 Bf6 14. Bxe4 dxe4 15.
Qh5 Qc7 16. Ng4 cxd4 17. Nxf6+ gxf6 18. exd4 e3 19. Nf3 exf2+ 20. Kxf2 O-O-O
21. Qg4 Rhg8 22. Qh3 f5 23. Rhg1 Rg7 24. Rce1 Rdg8 25. g3 Qc6 26. Nd2 Rg4 27.
Re3 f4 28. Rd3 Qb5 0-1

[Event "11. Dubai International Open"]
[Site "Dubai UAE"]
[Date "2009.04.26"]
[Round "1.43"]
[White "Kayumov, Sergey"]
[Black "Abdulrahman, Al Yafee"]
[Result "1-0"]
[WhiteElo "2450"]
[BlackElo "1913"]
[PlyCount "35"]
[EventDate "2009.04.25"]
[EventType "swiss"]
[EventRounds "9"]
[EventCountry "UAE"]
[Source "lmi"]
[SourceDate "2009.04.25"]
[WhiteTeam "Egipto"]
[BlackTeam "Letonia"]
[WhiteTeamCountry "EGY"]
[BlackTeamCountry "LAT"]

1. e4 c6 2. Nf3 d5 3. exd5 cxd5 4. Ne5 Nf6 5. d4 Bf5 6. Bb5+ Bd7 7. Bd3 Qb6 8.
O-O e6 9. a4 Nc6 10. Nxd7 Nxd7 11. c3 Nf6 12. Qf3 h6 13. Re1 Bd6 14. Qh3 O-O-O
15. b4 g5 16. Qf3 Be7 17. Na3 h5 18. Bxg5 1-0

[Event "11. Dubai International Open"]
[Site "Dubai UAE"]
[Date "2009.04.26"]
[Round "1.49"]
[White "Mohamed, Eissa"]
[Black "Moosavian, S.Hamed"]
[Result "0-1"]
[WhiteElo "1838"]
[BlackElo "2395"]
[PlyCount "48"]
[EventDate "2009.04.25"]
[EventType "swiss"]
[EventRounds "9"]
[EventCountry "UAE"]
[Source "lmi"]
[SourceDate "2009.04.25"]
[WhiteTeam "Egipto"]
[BlackTeam "Letonia"]
[WhiteTeamCountry "EGY"]
[BlackTeamCountry "LAT"]

1. e4 c5 2. Nf3 e6 3. d4 cxd4 4. Nxd4 Nf6 5. Nc3 Nc6 6. Ndb5 Bb4 7. a3 Bxc3+ 8.
Nxc3 d5 9. exd5 exd5 10. Bb5 d4 11. Bxc6+ bxc6 12. Ne2 c5 13. b4 O-O 14. O-O
Re8 15. Bg5 Bb7 16. f3 h6 17. Bxf6 Qxf6 18. bxc5 Ba6 19. Re1 Bxe2 20. Rxe2 Rxe2
21. Qxe2 d3 22. Qe1 d2 23. Qf1 Qd4+ 24. Kh1 Qxa1 0-1

[Event "11. Dubai International Open"]
[Site "Dubai UAE"]
[Date "2009.04.27"]
[Round "2.17"]
[White "Narayanan, Srinath"]
[Black "Maletin, Pavel"]
[Result "0-1"]
[WhiteElo "2381"]
[BlackElo "2559"]
[PlyCount "72"]
[EventDate "2009.04.25"]
[EventType "swiss"]
[EventRounds "9"]
[EventCountry "UAE"]
[Source "lmi"]
[SourceDate "2009.04.25"]
[BlackTeam "Azerbaiyán"]
[BlackTeamCountry "AZE"]

1. e4 c6 2. d4 d5 3. e5 Bf5 4. Nf3 e6 5. Be2 Nd7 6. O-O Bg6 7. Nbd2 Nh6 8. Nb3
Nf5 9. g3 Be7 10. Re1 O-O 11. Bf1 c5 12. dxc5 Nxc5 13. g4 Nxb3 14. gxf5 Nxa1
15. fxg6 fxg6 16. Bg2 Nxc2 17. Qxc2 Rc8 18. Qb3 Bc5 19. Be3 Qa5 20. Rd1 Bxe3
21. Qxe3 Qa4 22. b3 Qg4 23. h3 Qh5 24. Rd4 Rc2 25. Rd2 Rxd2 26. Nxd2 Qh6 27.
Qc3 Qf4 28. Nf3 g5 29. Qc7 h5 30. Qe7 g4 31. hxg4 hxg4 32. Ng5 Qxf2+ 33. Kh2
Qh4+ 34. Bh3 Rf2+ 35. Kh1 Rf1+ 36. Kh2 Qf2+ 0-1

[Event "11. Dubai International Open"]
[Site "Dubai UAE"]
[Date "2009.04.27"]
[Round "2.18"]
[White "Bachmann, Axel"]
[Black "Mamedjarova, Zeinab"]
[Result "1-0"]
[WhiteElo "2555"]
[BlackElo "2316"]
[PlyCount "93"]
[EventDate "2009.04.25"]
[EventType "swiss"]
[EventRounds "9"]
[EventCountry "UAE"]
[Source "lmi"]
[SourceDate "2009.04.25"]
[BlackTeam "Azerbaiyán"]
[BlackTeamCountry "AZE"]

1. e4 e5 2. Nc3 Nc6 3. g3 g6 4. Bg2 Bg7 5. d3 d6 6. f4 Nf6 7. Nf3 O-O 8. O-O
Ne7 9. d4 exd4 10. Nxd4 Bg4 11. Qd3 d5 12. e5 Nd7 13. h3 Be6 14. Be3 c5 15.
Nxe6 fxe6 16. Rad1 Qa5 17. a3 Nb6 18. Bf2 Rac8 19. Qb5 Qxb5 20. Nxb5 a6 21. Nd6
Rc7 22. b3 g5 23. Be1 gxf4 24. gxf4 Ng6 25. Bg3 Ne7 26. h4 Nec8 27. f5 exf5 28.
Nxf5 Rcf7 29. Nxg7 Rxf1+ 30. Rxf1 Rxf1+ 31. Kxf1 Kxg7 32. a4 Ne7 33. Bf2 d4 34.
Bxb7 Nd7 35. e6 Nf8 36. Bxa6 Nxe6 37. Bc4 Nd8 38. a5 Ndc6 39. a6 Kf6 40. Ke2
Nc8 41. Bg3 Kf5 42. Kf3 Ne5+ 43. Bxe5 Kxe5 44. Kg4 Kf6 45. Kf4 h6 46. Ke4 Nb6
47. a7 1-0

[Event "11. Dubai International Open"]
[Site "Dubai UAE"]
[Date "2009.04.27"]
[Round "2.19"]
[White "Debashis, Das"]
[Black "Anastasian, Ashot"]
[Result "1-0"]
[WhiteElo "2352"]
[BlackElo "2554"]
[PlyCount "103"]
[EventDate "2009.04.25"]
[EventType "swiss"]
[EventRounds "9"]
[EventCountry "UAE"]
[Source "lmi"]
[SourceDate "2009.04.25"]
[BlackTeam "Azerbaiyán"]
[BlackTeamCountry "AZE"]

1. e4 c6 2. d4 d5 3. e5 Bf5 4. Nf3 e6 5. Be2 Nd7 6. O-O Bg6 7. Nbd2 Nh6 8. c3
f6 9. exf6 Qxf6 10. Re1 Bd6 11. Nf1 O-O 12. Bg5 Qf7 13. Bd3 Bh5 14. Ng3 Bxf3
15. Qxf3 Qxf3 16. gxf3 Nf7 17. Bd2 Rae8 18. Re2 Nd8 19. Bg5 Be7 20. f4 h6 21.
Bxe7 Rxe7 22. Bg6 Rxf4 23. Nf5 Kf8 24. Nxe7 Kxe7 25. Bc2 Nf6 26. Rae1 Nh5 27.
Re3 Rh4 28. Kh1 g5 29. Bd1 Nf4 30. Rg1 Nh3 31. Rf1 Nf7 32. Bc2 Nd6 33. b3 b5
34. Kg2 Nf4+ 35. Kh1 a5 36. a3 a4 37. bxa4 Nc4 38. axb5 cxb5 39. Rg3 Nxa3 40.
Bb3 b4 41. cxb4 Nb5 42. Rd1 Kd6 43. Ba4 Nh3 44. Rxh3 Rxh3 45. Bxb5 Rb3 46. Kg2
Rxb4 47. Be2 e5 48. dxe5+ Kxe5 49. Bf3 d4 50. Re1+ Kf5 51. Be4+ Kf6 52. h3 1-0

[Event "11. Dubai International Open"]
[Site "Dubai UAE"]
[Date "2009.04.27"]
[Round "2.20"]
[White "Arun Prasad, S."]
[Black "Zakurdjaeva, Irina"]
[Result "1-0"]
[WhiteElo "2552"]
[BlackElo "2288"]
[PlyCount "63"]
[EventDate "2009.04.25"]
[EventType "swiss"]
[EventRounds "9"]
[EventCountry "UAE"]
[Source "lmi"]
[SourceDate "2009.04.25"]
[BlackTeam "Azerbaiyán"]
[BlackTeamCountry "AZE"]

1. d4 d5 2. c4 c6 3. Nf3 Nf6 4. e3 a6 5. Qc2 g6 6. Bd3 Bg7 7. O-O O-O 8. Nbd2
Nbd7 9. h3 c5 10. b3 cxd4 11. exd4 Nb8 12. Bb2 Nc6 13. a3 Be6 14. Rfe1 Nh5 15.
c5 Nf4 16. b4 Qd7 17. Bf1 Bf5 18. Qb3 Rad8 19. Rad1 h6 20. Ne5 Bxe5 21. dxe5 d4
22. Nf3 d3 23. Qc3 Qd5 24. Re3 Be4 25. Qe1 Bxf3 26. Rxf3 Qc4 27. Qe3 Ne2+ 28.
Kh2 Ncd4 29. Bxd4 Nxd4 30. Rf4 Qd5 31. Rxd3 Nc2 32. Qd2 1-0

[Event "11. Dubai International Open"]
[Site "Dubai UAE"]
[Date "2009.04.27"]
[Round "2.21"]
[White "Nasri, Amin"]
[Black "Kotanjian, Tigran"]
[Result "0-1"]
[WhiteElo "2336"]
[BlackElo "2552"]
[PlyCount "105"]
[EventDate "2009.04.25"]
[EventType "swiss"]
[EventRounds "9"]
[EventCountry "UAE"]
[Source "lmi"]
[SourceDate "2009.04.25"]
[BlackTeam "Azerbaiyán"]
[BlackTeamCountry "AZE"]

1. d4 d5 2. c4 c6 3. Nf3 Nf6 4. Nc3 e6 5. Bg5 h6 6. Bxf6 Qxf6 7. Qb3 dxc4 8.
Qxc4 Nd7 9. Rd1 g6 10. g3 Bg7 11. Bg2 O-O 12. O-O e5 13. e4 exd4 14. Nxd4 Nb6
15. Qe2 c5 16. Nc2 Qe7 17. f4 Be6 18. Ne3 Bd4 19. Kh1 Rad8 20. f5 Bc8 21. Qf3
Qg5 22. Ncd5 gxf5 23. h4 fxe4 24. Qxe4 Qg7 25. Ne7+ Kh8 26. N3f5 Bxf5 27. Nxf5
Qg6 28. b4 Nd5 29. Nxd4 Qxe4 30. Bxe4 Nc3 31. bxc5 Nxe4 32. Kg2 Nxc5 33. Nf5
Kh7 34. Nd6 b6 35. g4 Rd7 36. Nb5 Rxd1 37. Rxd1 a6 38. Nc3 Re8 39. Kf3 Kg7 40.
Ne2 Re7 41. Rd8 Re6 42. Rd5 Rf6+ 43. Ke3 Rf1 44. Ng3 Re1+ 45. Kf3 Ne6 46. Nf5+
Kg6 47. Rd6 Rf1+ 48. Kg3 Rb1 49. Rc6 a5 50. Nd4 Kf6 51. Nf5 h5 52. Ne3 Rg1+ 53.
Kf3 0-1

[Event "11. Dubai International Open"]
[Site "Dubai UAE"]
[Date "2009.04.27"]
[Round "2.23"]
[White "Hassan, Abdullah"]
[Black "Gasanov, Eldar"]
[Result "0-1"]
[WhiteElo "2322"]
[BlackElo "2551"]
[PlyCount "117"]
[EventDate "2009.04.25"]
[EventType "swiss"]
[EventRounds "9"]
[EventCountry "UAE"]
[Source "lmi"]
[SourceDate "2009.04.25"]
[BlackTeam "Azerbaiyán"]
[BlackTeamCountry "AZE"]

1. d4 Nf6 2. Nf3 e6 3. e3 b6 4. Bd3 Bb7 5. O-O d5 6. b3 Bd6 7. Bb2 O-O 8. c4
Nbd7 9. Nc3 a6 10. Rc1 Qe7 11. Na4 dxc4 12. bxc4 c5 13. Ne5 Rfd8 14. Qe2 Rac8
15. Rfd1 Bc7 16. Bb1 Nf8 17. dxc5 bxc5 18. e4 Ba8 19. Nf3 Bf4 20. Rxd8 Rxd8 21.
Re1 Bc6 22. Nc3 Qb7 23. Bc1 Bxc1 24. Rxc1 Ng6 25. Qe3 Qb2 26. h3 Nd7 27. Rd1
Rb8 28. Rd6 Qb7 29. e5 Bxf3 30. Bxg6 Bxg2 31. Bxh7+ Kxh7 32. Qd3+ Kg8 33. Rxd7
Qf3 34. Rd8+ Rxd8 35. Qxd8+ Kh7 36. Qh4+ Kg6 37. Qg4+ Qxg4 38. hxg4 Bf3 39. Kh2
Bxg4 40. Kg3 Kf5 41. f4 Bh5 42. Na4 Be2 43. Nxc5 Bxc4 44. a4 g5 45. fxg5 Kxe5
46. a5 Kd4 47. Nd7 e5 48. Nf8 e4 49. Kf2 e3+ 50. Ke1 Ke5 51. Nd7+ Ke4 52. Nb6
Bd3 53. Nd7 Bb5 54. Nf6+ Ke5 55. Kd1 e2+ 56. Ke1 Kf4 57. Nd5+ Kxg5 58. Nc3 Bd3
59. Nd5 0-1

[Event "11. Dubai International Open"]
[Site "Dubai UAE"]
[Date "2009.04.27"]
[Round "2.27"]
[White "Georg, Magdy"]
[Black "Ibrahimov, Rasul"]
[Result "0-1"]
[WhiteElo "2277"]
[BlackElo "2537"]
[PlyCount "120"]
[EventDate "2009.04.25"]
[EventType "swiss"]
[EventRounds "9"]
[EventCountry "UAE"]
[Source "lmi"]
[SourceDate "2009.04.25"]
[BlackTeam "Azerbaiyán"]
[BlackTeamCountry "AZE"]

1. e4 c5 2. d3 Nc6 3. Nf3 g6 4. g3 Bg7 5. Bg2 Nf6 6. O-O O-O 7. Nbd2 d6 8. c3
Nd7 9. Ne1 b5 10. a3 Bb7 11. f4 a5 12. Nef3 b4 13. Qc2 e6 14. h4 bxc3 15. bxc3
Ba6 16. Rb1 Rb8 17. Bb2 Nf6 18. c4 e5 19. Qa4 Qc7 20. Bc3 Nh5 21. Rxb8 Rxb8 22.
fxe5 Nxg3 23. Rf2 dxe5 24. Nb3 Qd6 25. Nxa5 Nxa5 26. Bxa5 Nh5 27. Bd2 Bb7 28.
Qc2 Bc6 29. Rf1 Ra8 30. Ra1 Ba4 31. Qc3 Rb8 32. Be3 Nf4 33. Bf1 Ne6 34. Qa5 Qc6
35. Bh3 Nf4 36. Bf1 Ne6 37. Bh3 Ra8 38. Qe1 Qd6 39. Bf1 Bf8 40. h5 Nf4 41. hxg6
hxg6 42. Qh4 Be7 43. Qh6 Qf6 44. Ra2 Bf8 45. Qg5 Qxg5+ 46. Nxg5 Rb8 47. Nf3 Bd6
48. Bxf4 exf4 49. e5 Bc7 50. Kf2 Kf8 51. Be2 Ke7 52. Bf1 Ba5 53. Ng5 Bc3 54.
Re2 Rb2 55. Rxb2 Bxb2 56. Ne4 Bxe5 57. Kf3 Bc6 58. Ke2 Bd4 59. Ng5 Bb2 60. Ne4
Bxa3 0-1

[Event "11. Dubai International Open"]
[Site "Dubai UAE"]
[Date "2009.04.27"]
[Round "2.28"]
[White "Hossain, Enamul"]
[Black "Ramnath, Bhuvanesh R"]
[Result "1-0"]
[WhiteElo "2531"]
[BlackElo "2273"]
[PlyCount "67"]
[EventDate "2009.04.25"]
[EventType "swiss"]
[EventRounds "9"]
[EventCountry "UAE"]
[Source "lmi"]
[SourceDate "2009.04.25"]
[BlackTeam "Azerbaiyán"]
[BlackTeamCountry "AZE"]

1. e4 c5 2. Nf3 Nc6 3. d4 cxd4 4. Nxd4 Nf6 5. Nc3 e5 6. Ndb5 d6 7. Nd5 Nxd5 8.
exd5 Nb8 9. a4 Be7 10. Be2 O-O 11. O-O f5 12. f4 a6 13. Na3 Nd7 14. Nc4 Qc7 15.
a5 Bf6 16. Kh1 Re8 17. Ra3 exf4 18. Bxf4 Ne5 19. Nb6 Rb8 20. b4 Nd7 21. Nc4 Ne5
22. Re3 Bd7 23. Bxe5 Bxe5 24. Nxe5 dxe5 25. c4 b6 26. axb6 Rxb6 27. Qb3 Qb7 28.
Qc3 Qb8 29. c5 Rxb4 30. Bxa6 Rd4 31. c6 Bc8 32. Bc4 Qb6 33. d6+ Be6 34. d7 1-0

[Event "11. Dubai International Open"]
[Site "Dubai UAE"]
[Date "2009.04.27"]
[Round "2.29"]
[White "Pourkashiyan, Atousa"]
[Black "Melkumyan, Hrant"]
[Result "0-1"]
[WhiteElo "2273"]
[BlackElo "2528"]
[PlyCount "154"]
[EventDate "2009.04.25"]
[EventType "swiss"]
[EventRounds "9"]
[EventCountry "UAE"]
[Source "lmi"]
[SourceDate "2009.04.25"]
[BlackTeam "Azerbaiyán"]
[BlackTeamCountry "AZE"]

1. e4 e5 2. Nf3 Nc6 3. Bb5 a6 4. Ba4 Nf6 5. O-O Be7 6. Re1 b5 7. Bb3 O-O 8. h3
Bb7 9. d3 d5 10. exd5 Nxd5 11. Nc3 Nxc3 12. bxc3 Bf6 13. Bd2 Re8 14. Nh2 Na5
15. Ng4 Nxb3 16. Nxf6+ gxf6 17. axb3 Kh8 18. Re3 Rg8 19. Rg3 Qd5 20. Qe2 f5 21.
Re1 f6 22. c4 Qc6 23. d4 f4 24. d5 Qd7 25. Rg4 c6 26. Bc3 Qf5 27. Rd1 cxd5 28.
cxd5 Rac8 29. Qd3 Qxd3 30. Rxd3 Rgd8 31. Bb4 Rd7 32. g3 fxg3 33. c4 bxc4 34.
bxc4 f5 35. Rh4 f4 36. Bc3 gxf2+ 37. Kxf2 Rxc4 38. Bxe5+ Kg8 39. Rg4+ Kf8 40.
Bxf4 Rc2+ 41. Kg3 Bxd5 42. Bh6+ Ke8 43. Rgd4 Rc5 44. Rb4 Rd6 45. Rb8+ Kf7 46.
Rf8+ Ke7 47. Re3+ Kd7 48. Bg5 Be6 49. Rd8+ Kc7 50. Rxd6 Kxd6 51. Bf4+ Ke7 52.
Ra3 Bc4 53. Bd2 Ke6 54. Re3+ Kd7 55. Bb4 Rb5 56. Bc3 Be6 57. h4 a5 58. Kf4 a4
59. Rd3+ Kc6 60. Rd8 a3 61. Ra8 a2 62. Ra6+ Kd7 63. Ra7+ Kc8 64. Rxh7 Ra5 65.
Re7 Ra4+ 66. Kg5 Ra5+ 67. Kf4 Bb3 68. Re1 Ra4+ 69. Kg5 Bc2 70. h5 Kd7 71. h6
Ra3 72. Be5 Rb3 73. Ra1 Ra3 74. Rc1 Ra5 75. Kf6 Rxe5 76. Ra1 Ra5 77. Kg7 Kc6
0-1

[Event "11. Dubai International Open"]
[Site "Dubai UAE"]
[Date "2009.04.27"]
[Round "2.30"]
[White "Laxman, R.R."]
[Black "Isgandarova, Khayala"]
[Result "1-0"]
[WhiteElo "2521"]
[BlackElo "2230"]
[PlyCount "57"]
[EventDate "2009.04.25"]
[EventType "swiss"]
[EventRounds "9"]
[EventCountry "UAE"]
[Source "lmi"]
[SourceDate "2009.04.25"]
[BlackTeam "Azerbaiyán"]
[BlackTeamCountry "AZE"]

1. Nf3 Nf6 2. d4 g6 3. Bg5 Bg7 4. Nbd2 h6 5. Bh4 d6 6. h3 Nbd7 7. e4 c5 8. c3
cxd4 9. cxd4 Nh5 10. Be2 g5 11. Bg3 Nxg3 12. fxg3 Qb6 13. Nc4 Qc6 14. Bd3 d5
15. Ncd2 dxe4 16. Nxe4 Qd5 17. O-O Bxd4+ 18. Nxd4 Qxd4+ 19. Kh2 Qg7 20. Bb5 a6
21. Ba4 b5 22. Bb3 O-O 23. Rc1 Ne5 24. Rc7 Ng6 25. Rxf7 Rxf7 26. Nd6 e6 27.
Nxf7 Qxf7 28. Rxf7 Kxf7 29. Qf3+ 1-0

[Event "11. Dubai International Open"]
[Site "Dubai UAE"]
[Date "2009.04.27"]
[Round "2.32"]
[White "Guliev, Sarhan"]
[Black "Poleschikov, Alexey"]
[Result "1-0"]
[WhiteElo "2489"]
[BlackElo "1919"]
[PlyCount "109"]
[EventDate "2009.04.25"]
[EventType "swiss"]
[EventRounds "9"]
[EventCountry "UAE"]
[Source "lmi"]
[SourceDate "2009.04.25"]
[BlackTeam "Azerbaiyán"]
[BlackTeamCountry "AZE"]

1. d4 Nf6 2. c4 e6 3. Nc3 d5 4. Bg5 Be7 5. e3 O-O 6. Qc2 c6 7. cxd5 exd5 8. Bd3
Nbd7 9. Nge2 Re8 10. O-O Nf8 11. f3 Be6 12. Bh4 Ng6 13. Bf2 Qc7 14. h3 Rad8 15.
Rad1 a6 16. Na4 Nd7 17. f4 f5 18. Bxf5 Bxf5 19. Qxf5 Bh4 20. g3 Bf6 21. Nc1 Rf8
22. Qc2 Rde8 23. Nd3 Qc8 24. f5 Ne7 25. g4 g6 26. fxg6 Nxg6 27. Nf4 Nxf4 28.
exf4 Re4 29. f5 Qd8 30. Nc3 Re7 31. Ne2 Bg5 32. Ng3 Nf6 33. Rde1 Rfe8 34. Rxe7
Rxe7 35. Re1 Rxe1+ 36. Bxe1 Qe7 37. Qe2 Qxe2 38. Nxe2 h5 39. gxh5 Nxh5 40. Kg2
Ng7 41. Kf3 Kf7 42. Kg4 Kf6 43. Ba5 Be3 44. Bd8+ Kf7 45. Bg5 Bf2 46. Bf4 c5 47.
Be5 Ne8 48. Kf3 Bxd4 49. Nxd4 cxd4 50. Bxd4 Nd6 51. Kf4 Nc4 52. h4 a5 53. a4
Nd6 54. Ke5 Ke7 55. Bc5 1-0

[Event "11. Dubai International Open"]
[Site "Dubai UAE"]
[Date "2009.04.27"]
[Round "2.33"]
[White "Pabalan, Rocky"]
[Black "El Taher, Fouad"]
[Result "0-1"]
[WhiteElo "1938"]
[BlackElo "2488"]
[PlyCount "96"]
[EventDate "2009.04.25"]
[EventType "swiss"]
[EventRounds "9"]
[EventCountry "UAE"]
[Source "lmi"]
[SourceDate "2009.04.25"]
[BlackTeam "Azerbaiyán"]
[BlackTeamCountry "AZE"]

1. e4 e5 2. Nf3 Nc6 3. a4 Nf6 4. d4 exd4 5. Nxd4 Nxe4 6. Nxc6 dxc6 7. Bd3 Nc5
8. O-O Nxd3 9. cxd3 Be7 10. Nc3 O-O 11. Qf3 Be6 12. Bf4 Bd6 13. Bg3 Re8 14. a5
Qd7 15. Ra4 Rad8 16. h3 Be7 17. Qe3 c5 18. Rfa1 c6 19. Bh4 Bb3 20. Bxe7 Bxa4
21. Nxa4 Qxe7 22. Qxc5 Qxc5 23. Nxc5 b6 24. Na4 bxa5 25. Rc1 Rd4 26. Nc5 Rb8
27. Rc2 Kf8 28. f3 Ke7 29. Kf2 Kd6 30. Ne4+ Kc7 31. Nc5 Re8 32. Rc3 Kb6 33. Ne4
f5 34. Nd2 a4 35. g3 g5 36. g4 Rb4 37. Nc4+ Kc7 38. d4 f4 39. Rc2 Rd8 40. Na5
Rbxd4 41. Rxc6+ Kb8 42. Rc1 Rd1 43. Nc6+ Kc7 44. Nxd8+ Rxc1 45. Ne6+ Kd7 46.
Nxg5 Rc2+ 47. Ke1 Rxb2 48. Kd1 a3 0-1

[Event "11. Dubai International Open"]
[Site "Dubai UAE"]
[Date "2009.04.27"]
[Round "2.35"]
[White "Iordachescu, Viorel"]
[Black "Mohannad, Farhan"]
[Result "1/2-1/2"]
[WhiteElo "2608"]
[BlackElo "2284"]
[PlyCount "92"]
[EventDate "2009.04.25"]
[EventType "swiss"]
[EventRounds "9"]
[EventCountry "UAE"]
[Source "lmi"]
[SourceDate "2009.04.25"]
[BlackTeam "Azerbaiyán"]
[BlackTeamCountry "AZE"]

1. e4 d6 2. d4 Nf6 3. Bd3 e5 4. c3 Nc6 5. Nf3 g6 6. O-O Bg7 7. Re1 O-O 8. h3
Nh5 9. Be3 h6 10. Na3 Nf4 11. Bxf4 exf4 12. b4 g5 13. Nc4 Ne7 14. e5 d5 15.
Ncd2 Be6 16. Nh2 Qd7 17. Nb3 b6 18. a4 Bf5 19. Bxf5 Nxf5 20. Qd3 Qe6 21. Nf3
Rfe8 22. Nc1 Bf8 23. Qb1 a5 24. b5 Be7 25. Ne2 Red8 26. Qd3 Rac8 27. Rec1 c5
28. bxc6 Rxc6 29. Rcb1 Rdc8 30. Rb5 Bd8 31. Ra3 Ne7 32. Nd2 Ng6 33. Qf3 Ne7 34.
c4 Rxc4 35. Nxc4 Rxc4 36. Qd3 Nc6 37. Qf3 Nb4 38. Rc3 Qc6 39. Qg4 Rxc3 40. Nxc3
Qxc3 41. Qd7 Qc1+ 42. Kh2 Qc7 43. Qe8+ Kg7 44. f3 Be7 45. e6 fxe6 46. Rxb6 Qxb6
1/2-1/2

[Event "11. Dubai International Open"]
[Site "Dubai UAE"]
[Date "2009.04.27"]
[Round "2.36"]
[White "Bocharov, Dmitry"]
[Black "Mohamed, Moussa"]
[Result "1-0"]
[WhiteElo "2606"]
[BlackElo "1958"]
[PlyCount "57"]
[EventDate "2009.04.25"]
[EventType "swiss"]
[EventRounds "9"]
[EventCountry "UAE"]
[Source "lmi"]
[SourceDate "2009.04.25"]
[BlackTeam "Azerbaiyán"]
[BlackTeamCountry "AZE"]

1. d4 c5 2. d5 e5 3. e4 d6 4. Nc3 a6 5. Nf3 Bg4 6. h3 Bxf3 7. Qxf3 Be7 8. Qg3
Bf6 9. a4 Nd7 10. Be2 Ne7 11. h4 h5 12. Qh3 g6 13. a5 Qc7 14. Nd1 b6 15. axb6
Qxb6 16. Ne3 Qb7 17. Nc4 Nc8 18. Bd2 Ndb6 19. Qb3 Qa7 20. Nxb6 Qxb6 21. Qxb6
Nxb6 22. Bxa6 O-O 23. Ke2 Ra7 24. Bb5 Rxa1 25. Rxa1 Bxh4 26. Ra7 Rb8 27. c4 Bd8
28. Kd3 Nc8 29. Rd7 1-0

[Event "11. Dubai International Open"]
[Site "Dubai UAE"]
[Date "2009.04.29"]
[Round "4.3"]
[White "Gasanov, Eldar"]
[Black "Guseinov, Gadir"]
[Result "0-1"]
[WhiteElo "2551"]
[BlackElo "2659"]
[PlyCount "84"]
[EventDate "2009.04.25"]
[EventType "swiss"]
[EventRounds "9"]
[EventCountry "UAE"]
[Source "lmi"]
[SourceDate "2009.04.25"]
[WhiteTeam "Ucrania"]
[BlackTeam "Azerbaiyán"]
[WhiteTeamCountry "UKR"]
[BlackTeamCountry "AZE"]

1. d4 Nf6 2. c4 g6 3. Nc3 Bg7 4. e4 d6 5. Be2 O-O 6. Bg5 c5 7. d5 h6 8. Bf4 a6
9. a4 Re8 10. Nf3 e6 11. Nd2 Nh7 12. dxe6 Bxe6 13. O-O Nc6 14. Re1 Nd4 15. Bf1
g5 16. Bg3 Nf8 17. Nd5 Ng6 18. Nb3 Bxd5 19. cxd5 Nxb3 20. Qxb3 h5 21. f3 Bd4+
22. Bf2 Bxf2+ 23. Kxf2 g4 24. g3 gxf3 25. Qxf3 h4 26. Bh3 Qg5 27. Bf5 Ne5 28.
Qe3 hxg3+ 29. Qxg3 Qxg3+ 30. Kxg3 b5 31. Rg1 Kg7 32. axb5 axb5 33. Kf2+ Kf6 34.
Ke2 Rxa1 35. Rxa1 Rg8 36. Ra6 Rg2+ 37. Kf1 Rxb2 38. Rxd6+ Kg5 39. Rc6 c4 40.
Rc8 Kf4 41. d6 Kf3 42. Ke1 Nd3+ 0-1

[Event "11. Dubai International Open"]
[Site "Dubai UAE"]
[Date "2009.04.29"]
[Round "4.9"]
[White "Miezis, Normunds"]
[Black "Ibrahimov, Rasul"]
[Result "1/2-1/2"]
[WhiteElo "2579"]
[BlackElo "2537"]
[PlyCount "21"]
[EventDate "2009.04.25"]
[EventType "swiss"]
[EventRounds "9"]
[EventCountry "UAE"]
[Source "lmi"]
[SourceDate "2009.04.25"]
[WhiteTeam "Letonia"]
[BlackTeam "Azerbaiyán"]
[WhiteTeamCountry "LAT"]
[BlackTeamCountry "AZE"]

1. c4 e6 2. e4 c5 3. Nc3 Nc6 4. g3 g6 5. Bg2 Bg7 6. Nge2 Nge7 7. a3 O-O 8. O-O
b6 9. Rb1 Bb7 10. d3 d6 11. b4 1/2-1/2